| 000 | 00410nam a2200169Ia 4500 | ||
|---|---|---|---|
| 008 | 210210b1931 xxu||||| |||| 00| 0 eng d | ||
| 041 | _aeng | ||
| 082 | _a335/90 | ||
| 100 | _aDATTA (D) | ||
| 245 | _aLandlordism in India | ||
| 260 |
_aBombay _bD B Taraporevala Sons & Co Private Ltd. _c1931 |
||
| 650 | _aLandlordism | ||
| 650 | _aIndia | ||
| 650 | _ain | ||
| 690 | _aIndian Economics | ||
| 906 | _a004433 | ||
| 999 |
_c125352 _d125352 |
||